Der Urheber des Bauplanes für die Universität Breslau
| Titel: | Der Urheber des Bauplanes für die Universität Breslau |
|---|---|
| Verfasser: | |
| In: |
Verein für Geschichte Schlesiens: Zeitschrift des Vereins für Geschichte Schlesiens, Band 53, Heft 1 (1919), Seite 55-83 alle Artikel anzeigen |
| Veröffentlicht: | 1919 |
| Format: | Aufsatz |
| Sprache: | Deutsch |
X
alg: 39177650 001A $01999:11-11-16 001B $01999:16-05-21 $t20:14:20.000 001C $06050:19-11-16 $t08:45:17.000 001D $01999:11-11-16 001U $0utf8 001X $00 002@ $0Aox 003@ $0391776509 007A $0391776509 $aHEB 007T $0Herda03226 010@ $ager 011@ $a1919 021A $aDer @Urheber des Bauplanes für die Universität Breslau 028A $aFörster $dRichard 031A $d53 $e1 $h55-83 $j1919 039B $aIn $8--Abvc--Verein für Geschichte Schlesiens [Tb1]. Zeitschrift des Vereins für Geschichte Schlesiens. - Breslau : Trewendt & Garnier, 1906-1943 $x191900000530001945 $9047252138 045F $a307.094385 $eDDC23BSB 045F/01 $a307.09 045F/03 $g4385 045T $a9,10 lok: 39177650 78 exp: 39177650 78 1 #EPN 201B/01 $020-11-17 $t23:21:12.000 201U/01 $0utf8 203@/01 $0787871451 208@/01 $a11-11-16 $be 209A/01 $a/ $f000 $x00 220C/01 $aTitelaufnehmer: cs 244Z/01 $2Trx $#Silesia $#Śląsk $#Sliezsko $#Slezsko $8--Trx--Schlesien $x01 $9391173987 244Z/01 $#Breslau $#Wrocław $#Wrotizla $#Breßlau $#Breßlaw $#Vroclav $#Vratislav $#Vratislavia $#Vratislauiae $#Bresslau $#Wratislavia $#Brassel $#Bresla $#Wratislava $#Smirna $#Breslavia $#Wroclaw $74008216-7 $8--Tg1--Breslau $x02 $9085014184 244Z/01 $aGeschichte 1724-1730 $x03 244Z/01 $2Trx $#ülikoolid $#universitetai $#universitāte $#Universities $#egyetemek $#uniwersytety $#univerzity $#univerzity $#Hochschulen $#vysoké školy $8--Trx--Universitäten $x04 $9391373862 244Z/01 $2Trx $#arhitektid $#architektai $#architects $#épitészek $#architekci $#architekti $#architekti $8--Trx--Architekten $x05 $9391365967 244Z/01 $2Trx $8--Trx--Zeitschriftenaufsatz $x06 $9391384341 245Z/01 $a13.03 $x01 245Z/01 $a11.11 $x02 247C/01 $82080>Marburg/Lahn, Herder-Institut, Forschungsbibliothek, Bibliographieportal $9336309341
| LEADER | 00000caa a22000002c 4500 | ||
|---|---|---|---|
| 001 | 391776509 | ||
| 003 | DE-603 | ||
| 005 | 20210516201420.0 | ||
| 007 | tu | ||
| 008 | 161111s1919 xx |||| | u00||u|ger c | ||
| 035 | |a (DE-599)HEB391776509 | ||
| 040 | |a DE-603 |b ger |c DE-603 |d DE-603 | ||
| 041 | |a ger | ||
| 082 | 0 | 4 | |8 1\u |a 307.094385 |q DE-101 |2 23/BSB |
| 084 | |a 9,10 |2 ssgn | ||
| 085 | |8 1\u |b 307.09 | ||
| 085 | |8 1\u |z 2 |s 4385 | ||
| 100 | 1 | |a Förster, Richard | |
| 245 | 0 | 0 | |a Der Urheber des Bauplanes für die Universität Breslau |
| 264 | 0 | |c 1919 | |
| 773 | 0 | 8 | |i In |a Verein für Geschichte Schlesiens |t Zeitschrift des Vereins für Geschichte Schlesiens |d Breslau : Trewendt & Garnier, 1906-1943 |g Band 53, Heft 1 (1919), Seite 55-83 |w (DE-603)047252138 |w (DE-600)200433-1 |
| 924 | 0 | |9 2080 |a (DE-603)787871451 |b DE-2080 |c HES |d d |g / | |


